Statistics for Famous People Named Leo

Click here to take the quiz!

General Stats

  • This quiz has been taken 31 times
  • The average score is 8 of 13

Answer Stats

HintAnswer% Correct
Actor who finally won his first Oscar in 2015Leonardo DiCaprio
89%
Italian polymath who drew "The Vitruvian Man"Leonardo da Vinci
79%
Actor who portrayed Spock in the Star Trek franchiseLeonard Nimoy
75%
Soviet leader who succeeded Nikita KhrushchevLeonid Brezhnev
68%
Exiled Soviet leader who was assassinated in 1940Leon Trotsky
68%
Belgian king who owned, and misused, the CongoLeopold II
68%
This writer died in 1910 having never won a Nobel Prize,
considered to be one of< the greatest omissions in its history
Leo Tolstoy
64%
General who led 300 Spartans at ThermopylaeLeonidas
54%
Broadway musician who composed West Side StoryLeonard Bernstein
54%
Dance this "Hellelujah" singer to the end of loveLeonard Cohen
46%
British singer who sang "Bleeding Love" and "Better in Time"Leona Lewis
39%
The number e (≈ 2.71828) is named after this Swiss geniusLeonhard Euler
36%
He crowned Charlemagne "Emperor of the Romans"
on Christmas Day, 800 AD
Pope Leo III
36%

Score Distribution

Percentile by Number Answered

Percent of People with Each Score

Your Score History

You have not taken this quiz